Ielts practice tests plus 3
IELTS practice tests plus provides practice in all four modules of the IELTS examination: Listening, Reading, Writing and Speaking. It includes five complete practice tests incorporating the 2001 modifications to the Speaking module, additional Reading and Writing modules for General Training candid...
Gespeichert in:
| 1. Verfasser: | |
|---|---|
| Format: | Buch |
| Sprache: | Undetermined |
| Veröffentlicht: |
Harlow, England
Longman
2011
|
| Schlagworte: | |
| Tags: |
Tag hinzufügen
Keine Tags, Fügen Sie den ersten Tag hinzu!
|
| Thư viện lưu trữ: | Trung tâm Học liệu Trường Đại học Cần Thơ |
|---|
| LEADER | 01043nam a2200205Ia 4500 | ||
|---|---|---|---|
| 001 | CTU_193268 | ||
| 008 | 210402s9999 xx 000 0 und d | ||
| 082 | |a 428.0076 | ||
| 082 | |b M441/CD.3 | ||
| 100 | |a Matthews, Margaret | ||
| 245 | 0 | |a Ielts practice tests plus 3 | |
| 245 | 0 | |c Margaret Margaret, Katy Salisbury | |
| 260 | |a Harlow, England | ||
| 260 | |b Longman | ||
| 260 | |c 2011 | ||
| 520 | |a IELTS practice tests plus provides practice in all four modules of the IELTS examination: Listening, Reading, Writing and Speaking. It includes five complete practice tests incorporating the 2001 modifications to the Speaking module, additional Reading and Writing modules for General Training candidates, plus a full description of the exam, students' top questions answered, and 'skills for IELTS' sections training key subskills for each module. | ||
| 650 | |a English language,Tiếng Anh | ||
| 650 | |x Examinations, questions, etc.,Thi và câu hỏi | ||
| 910 | |a Hải | ||
| 980 | |a Trung tâm Học liệu Trường Đại học Cần Thơ | ||